| 000 | 01007nam a2200217 a 4500 | ||
|---|---|---|---|
| 005 | 20140311163021.0 | ||
| 008 | 121013s19uu xx 00 eng d | ||
| 020 | _a9780415595803 | ||
| 050 |
_aPN 151 _b.B26 2011 |
||
| 100 | _aBailey, Stephen | ||
| 245 |
_aAcademic writing : _ba handbook for international students / _cStephen Bailey. |
||
| 250 | _a3rd ed. | ||
| 260 |
_aMilton Park, Abingdon, Oxon ; New York : _bRoutledge, _c2011. |
||
| 300 |
_a293 p. : _bill. ; _c24 cm. |
||
| 520 | _aClearly organised into four parts, this new edition allows teachers and students to quickly find help they need with all writing tasks. Each part is divided into short sections containing explanations, diagrams and practice exercises, for use in the classroom or for self-study. | ||
| 650 |
_aEnglish language _xRhetoric _xHandbooks, manuals, etc. |
||
| 650 |
_aEnglish language _xTextbooks for foreign speakers |
||
| 650 |
_aAcademic writing _xHandbooks, manuals, etc |
||
| 942 |
_cBK _2lcc _kFOR |
||
| 999 |
_c39473 _d39473 |
||